[Event "CAN-ch"]
[Site "Toronto CAN"]
[Date "2004.08.28"]
[Round "8.16"]
[White "McTavish, David"]
[Black "Tipu, Vincent"]
[Result "1/2-1/2"]
[WhiteElo "2159"]
[BlackElo "2307"]
[PlyCount "120"]
[GameId "2160767911086269"]
[EventDate "2004.08.20"]
[EventType "swiss"]
[EventRounds "11"]
[EventCountry "CAN"]

1. d4 d5 2. c4 e6 3. Nc3 c5 4. cxd5 exd5 5. Nf3 Nc6 6. g3 c4 7. Bg2 Bb4 8. O-O Nge7 9. a3 Ba5 10. e4 O-O 11. Nxd5 Nxd5 12. exd5 Qxd5 13. Ne5 Qb5 14. Nxc6 bxc6 15. a4 Qb6 16. Be3 Qxb2 17. Bxc6 Rb8 18. Rb1 Qxb1 19. Qxb1 Rxb1 20. Rxb1 Bb6 21. Rc1 Ba6 22. d5 Bxe3 23. fxe3 Rc8 24. e4 f6 25. Kf2 Kf8 26. Ke3 Ke7 27. Kd4 Kd6 28. Bb5 Bxb5 29. axb5 c3 30. Rc2 h5 31. h3 Rc7 32. g4 h4 33. Kd3 Rc5 34. Kd4 Rxb5 35. Rxc3 Rb4+ 36. Rc4 Rxc4+ 37. Kxc4 g6 38. Kd4 Kc7 39. Kc5 a6 40. Kc4 Kb7 41. Kc5 Kc7 42. Kc4 Kb6 43. Kb4 Kc7 44. Kc5 Kd7 45. Kc4 Kd6 46. Kd4 a5 47. Kc4 a4 48. Kb4 f5 49. gxf5 gxf5 50. exf5 Kxd5 51. Kxa4 Ke5 52. Kb4 Kxf5 53. Kc4 Ke4 54. Kc3 Ke3 55. Kc2 Ke2 56. Kc3 Kf2 57. Kd2 Kg3 58. Ke2 Kxh3 59. Kf1 Kh2 60. Kf2 h3 1/2-1/2

[Event "CAN-ch"]
[Site "Toronto CAN"]
[Date "2004.08.28"]
[Round "8.18"]
[White "Voskanyan, Vahagn"]
[Black "Masse, Hugues"]
[Result "1/2-1/2"]
[WhiteElo "2264"]
[BlackElo "2188"]
[PlyCount "101"]
[GameId "2160767911086270"]
[EventDate "2004.08.20"]
[EventType "swiss"]
[EventRounds "11"]
[EventCountry "CAN"]

1. c4 Nf6 2. Nc3 d5 3. cxd5 Nxd5 4. g3 g6 5. Bg2 Nxc3 6. bxc3 Bg7 7. Rb1 Nd7 8. Nh3 O-O 9. O-O c5 10. Nf4 e6 11. c4 Qc7 12. a4 Rb8 13. Bb2 Ne5 14. Qb3 Bd7 15. Bc3 Nc6 16. Bxg7 Kxg7 17. e3 Na5 18. Qc3+ Kg8 19. h4 Bc6 20. h5 Bxg2 21. Kxg2 Nc6 22. hxg6 hxg6 23. d4 cxd4 24. exd4 Qa5 25. Qa1 Qf5 26. Rbe1 Qf6 27. d5 Qxa1 28. Rxa1 exd5 29. cxd5 Na5 30. Rac1 Rbc8 31. Rfe1 Rxc1 32. Rxc1 Rd8 33. g4 g5 34. Nh5 Kf8 35. Rc5 b6 36. Rc7 Rxd5 37. Rxa7 Rd4 38. f3 Rxa4 39. Nf6 Kg7 40. Nd7 b5 41. Ne5 Kf6 42. Nxf7 b4 43. Nd6 b3 44. Ne4+ Ke5 45. Nc5 Ra2+ 46. Kg3 Nc4 47. Rb7 b2 48. Nd3+ Kd4 49. Nxb2 Rxb2 50. Rxb2 Nxb2 51. f4 1/2-1/2

[Event "CAN-ch"]
[Site "Toronto CAN"]
[Date "2004.08.28"]
[Round "8.19"]
[White "Moskvitch, Andrei"]
[Black "Barron, Michael"]
[Result "1/2-1/2"]
[WhiteElo "2142"]
[BlackElo "2257"]
[PlyCount "158"]
[GameId "2160767911086271"]
[EventDate "2004.08.20"]
[EventType "swiss"]
[EventRounds "11"]
[EventCountry "CAN"]

1. e4 e5 2. Nf3 Nc6 3. Bb5 a6 4. Ba4 Nf6 5. O-O Be7 6. Re1 b5 7. Bb3 O-O 8. c3 d6 9. h3 Na5 10. Bc2 c5 11. d4 Qc7 12. Nbd2 Bb7 13. d5 g6 14. b3 Bc8 15. Nf1 Nh5 16. Kh2 Nf4 17. Ng1 g5 18. g3 Ng6 19. Ne3 Nb7 20. Nf5 f6 21. Qh5 Kh8 22. Ne2 Rg8 23. Nh6 Rg7 24. f4 gxf4 25. gxf4 exf4 26. Nxf4 Bf8 27. Nxg6+ hxg6 28. Qh4 Rh7 29. Qxf6+ Qg7 30. Nf7+ Kg8 31. Qxg7+ Bxg7 32. Ng5 Bxc3 33. Nxh7 Bxa1 34. Ng5 Be5+ 35. Kg2 Bd7 36. Nf3 Bc3 37. Re3 b4 38. e5 dxe5 39. Nxe5 Bf5 40. Bxf5 gxf5 41. Rg3+ Kh7 42. Nf7 Rf8 43. Ng5+ Kh8 44. Ne6 Rf7 45. Bf4 Rd7 46. d6 Nxd6 47. Nxc5 Rd8 48. Rd3 Rg8+ 49. Kf3 Nb5 50. Rd5 Rg6 51. Be3 Rc6 52. Rxf5 Nd4+ 53. Bxd4+ Bxd4 54. Nd3 Bc3 55. Ke4 Rg6 56. h4 Rg4+ 57. Rf4 Rg2 58. Nf2 Be1 59. Ke3 Rh2 60. Ke2 Bxf2 61. Rxf2 Rxh4 62. Kd3 Rh5 63. Kc4 a5 64. Rd2 Kg7 65. Rd5 Rh4+ 66. Kb5 Rh2 67. Kxa5 Rxa2+ 68. Kxb4 Ra8 69. Rd6 Rb8+ 70. Kc4 Kf7 71. b4 Ke7 72. Rc6 Kd7 73. Rc5 Rc8 74. Rxc8 Kxc8 75. Kb5 Kb7 76. Ka5 Ka7 77. b5 Kb7 78. b6 Kb8 79. Ka6 Ka8 1/2-1/2

[Event "CAN-ch"]
[Site "Toronto CAN"]
[Date "2004.08.28"]
[Round "8.20"]
[White "Mikanovic, Goran"]
[Black "Lipnowski, Samuel"]
[Result "1-0"]
[WhiteElo "2349"]
[BlackElo "2078"]
[PlyCount "85"]
[GameId "2160767911086272"]
[EventDate "2004.08.20"]
[EventType "swiss"]
[EventRounds "11"]
[EventCountry "CAN"]

1. d4 f5 2. g3 Nf6 3. Bg2 g6 4. c4 Bg7 5. Nc3 O-O 6. Nh3 e6 7. O-O d6 8. Qb3 c6 9. d5 cxd5 10. cxd5 e5 11. Ng5 Qe7 12. Nb5 a6 13. Qa3 h6 14. Ne6 Bxe6 15. dxe6 Rd8 16. Nc3 Qxe6 17. Bxb7 Ra7 18. Qa5 Qd7 19. Bg2 e4 20. Rd1 Nc6 21. Qa4 d5 22. e3 Ne5 23. Qxd7 Raxd7 24. Bf1 Nf3+ 25. Kg2 Rd6 26. a4 Kh7 27. a5 Ng4 28. h3 Nge5 29. Ra4 Nc4 30. Be2 Nce5 31. Rb4 d4 32. exd4 Nxd4 33. Rb6 Rxb6 34. axb6 a5 35. b7 Nec6 36. Bf4 Rh8 37. Bc4 Nb8 38. Na4 Ndc6 39. Rd5 Re8 40. Bb5 Rf8 41. Rc5 Nd4 42. Bc4 Nbc6 43. Bd5 1-0

[Event "CAN-ch"]
[Site "Toronto CAN"]
[Date "2004.08.28"]
[Round "8.22"]
[White "Meng, Ang"]
[Black "Djerkovic, Miladin"]
[Result "1-0"]
[WhiteElo "2159"]
[BlackElo "2270"]
[PlyCount "139"]
[GameId "2160767911086274"]
[EventDate "2004.08.20"]
[EventType "swiss"]
[EventRounds "11"]
[EventCountry "CAN"]

1. e4 e5 2. d4 exd4 3. Qxd4 Nc6 4. Qe3 g6 5. Bd2 Bg7 6. Nc3 d6 7. O-O-O Nf6 8. f4 O-O 9. Bc4 Re8 10. Nf3 Na5 11. Bd3 c5 12. e5 c4 13. Be4 dxe5 14. fxe5 Ng4 15. Qf4 Nxe5 16. Rhf1 Nxf3 17. Rxf3 Be6 18. Be3 Qb8 19. Qh4 Nc6 20. Bxc6 bxc6 21. Bd4 Qd8 22. Qf4 Qe7 23. Bxg7 Kxg7 24. Qd4+ f6 25. Ne4 Rad8 26. Nd6 Rf8 27. Re3 Qd7 28. Qc5 Kg8 29. Ra3 Bd5 30. Nxc4 Rf7 31. Ne3 Qe8 32. Nxd5 cxd5 33. Rxa7 Rxa7 34. Qxa7 d4 35. Qa3 Qe4 36. Qf3 Qe5 37. g3 f5 38. Qd3 f4 39. c3 fxg3 40. Qxg3 Qe4 41. Qc7 Qe3+ 42. Kb1 Qe4+ 43. Ka1 Rd5 44. cxd4 Qf3 45. Re1 Rf5 46. a3 Qb3 47. Qd7 Rf2 48. Re8+ Rf8 49. d5 Rxe8 50. Qxe8+ Kg7 51. Qe5+ Kf7 52. Qc7+ Kf8 53. Qc5+ Kf7 54. d6 Ke6 55. Qd4 Kd7 56. a4 g5 57. a5 Qb5 58. b4 Qf1+ 59. Kb2 Qg2+ 60. Kb3 Qxh2 61. a6 Qe2 62. a7 Qf3+ 63. Ka4 g4 64. Qc5 Qd1+ 65. Ka5 g3 66. Qb5+ Kxd6 67. a8=Q Qa1+ 68. Qa4 Qe5+ 69. Ka6 Qe2+ 70. b5 1-0

[Event "CAN-ch"]
[Site "Toronto CAN"]
[Date "2004.08.28"]
[Round "8.23"]
[White "St Amand, Paul Jr"]
[Black "Kret, Ted"]
[Result "1/2-1/2"]
[WhiteElo "2139"]
[BlackElo "2236"]
[PlyCount "90"]
[GameId "2160767911086275"]
[EventDate "2004.08.20"]
[EventType "swiss"]
[EventRounds "11"]
[EventCountry "CAN"]

1. c4 Nf6 2. Nc3 d6 3. g3 c5 4. Bg2 e6 5. Nf3 a6 6. O-O Qc7 7. b3 b6 8. e4 Bb7 9. Re1 Nbd7 10. Bb2 Be7 11. d4 cxd4 12. Nxd4 O-O 13. Rc1 Rac8 14. h3 Rfe8 15. Qd2 Qb8 16. Kh2 Qa8 17. Rcd1 Nc5 18. Qe2 Bf8 19. Qe3 Kh8 20. Bh1 Red8 21. Bf3 e5 22. Nf5 g6 23. Nh4 b5 24. b4 Na4 25. Nxa4 bxa4 26. c5 dxc5 27. Rxd8 Rxd8 28. Bxe5 Bg7 29. bxc5 Ng4+ 30. hxg4 Bxe5 31. Rd1 Rxd1 32. Bxd1 Qd8 33. f4 Qxd1 34. fxe5 Qc2+ 35. Kh3 Qb1 36. Nf3 Bxe4 37. Nh2 Qc2 38. Nf3 Kg8 39. Qd4 h6 40. e6 Bxf3 41. exf7+ Kxf7 42. Qd7+ Kf6 43. Qd6+ Kf7 44. Qd7+ Kf6 45. Qd6+ Kf7 1/2-1/2

[Event "CAN-ch"]
[Site "Toronto CAN"]
[Date "2004.08.28"]
[Round "8.25"]
[White "Patterson, Roger"]
[Black "Anastasovski, Nikola"]
[Result "1-0"]
[WhiteElo "2195"]
[BlackElo "2080"]
[PlyCount "97"]
[GameId "2160767911086276"]
[EventDate "2004.08.20"]
[EventType "swiss"]
[EventRounds "11"]
[EventCountry "CAN"]

1. e4 e5 2. Nf3 Nc6 3. Bb5 f5 4. Nc3 Nf6 5. exf5 e4 6. Nh4 d5 7. d3 Bb4 8. a3 Bxc3+ 9. bxc3 O-O 10. Bxc6 bxc6 11. O-O Bd7 12. f3 exd3 13. cxd3 Ne8 14. Qe1 Bxf5 15. Nxf5 Rxf5 16. Qe6+ Rf7 17. Qxc6 h6 18. Re1 Rb8 19. Be3 Rf6 20. Qa4 a6 21. Ba7 Ra8 22. Bc5 Rg6 23. Re5 Qc8 24. Rae1 Nf6 25. Re6 Kh7 26. Bd4 Qf8 27. Qc6 Rb8 28. Qxa6 Rb2 29. g3 c5 30. Bxf6 Rxf6 31. Rxf6 Qxf6 32. Qxf6 gxf6 33. Ra1 Rc2 34. a4 Rxc3 35. a5 c4 36. dxc4 Rxc4 37. a6 Rc8 38. a7 Ra8 39. Kf2 Kg6 40. Ke3 Kf5 41. Kd4 h5 42. Kxd5 h4 43. Kc6 hxg3 44. hxg3 Ke5 45. Kb7 Rg8 46. a8=Q Rg7+ 47. Kc6 Kf5 48. Ra5+ Kg6 49. Ra7 1-0

[Event "CAN-ch"]
[Site "Toronto CAN"]
[Date "2004.08.28"]
[Round "8.26"]
[White "Urquhart, Eddie"]
[Black "Nezirovic, Ozren"]
[Result "1-0"]
[WhiteElo "2273"]
[BlackElo "2122"]
[PlyCount "175"]
[GameId "2160767911086277"]
[EventDate "2004.08.20"]
[EventType "swiss"]
[EventRounds "11"]
[EventCountry "CAN"]

1. e4 d6 2. Nc3 Nf6 3. f4 d5 4. e5 Ng8 5. d4 h5 6. Qf3 c6 7. f5 e6 8. fxe6 Bxe6 9. Nge2 Qh4+ 10. g3 Qg4 11. Bg2 Qxf3 12. Bxf3 Bf5 13. Nf4 g6 14. Bd2 Be6 15. Nce2 Bf5 16. Rc1 g5 17. Nxd5 cxd5 18. Bxd5 Nc6 19. Bxg5 Be7 20. Be3 Rd8 21. Bb3 Nh6 22. c3 Ng4 23. Bf4 Bd3 24. h3 Nh6 25. Rd1 Be4 26. O-O Na5 27. Ba4+ Kf8 28. Rf2 a6 29. Rdf1 Ng4 30. hxg4 hxg4 31. Rh2 Rxh2 32. Kxh2 Kg7 33. Bb3 Rh8+ 34. Kg1 Nxb3 35. axb3 Bf3 36. Re1 Rh1+ 37. Kf2 Rxe1 38. Kxe1 Kg6 39. Ng1 Kf5 40. Kd2 Ke4 41. b4 b5 42. Ne2 f6 43. exf6 Bxf6 44. Nc1 Kd5 45. Nd3 Be7 46. b3 Be4 47. Ne5 Bf5 48. Ke3 Ke6 49. Nc6 Bc2 50. Nb8 Bxb3 51. Nxa6 Kd5 52. Nc7+ Kc6 53. Kd3 Bf7 54. Ke3 Bb3 55. Na6 Kd5 56. Kd3 Bc4+ 57. Kd2 Bf1 58. Nc7+ Kc6 59. d5+ Kd7 60. Ne6 Bg2 61. Nd4 Bxd5 62. Nxb5 Bc4 63. Na3 Bb3 64. Nc2 Be6 65. Ne3 Kc6 66. Kd3 Kb5 67. Be5 Bg5 68. Bf4 Bxf4 69. gxf4 g3 70. Ke4 Bh3 71. Kf3 g2 72. Nxg2 Kc4 73. Ne3+ Kxc3 74. b5 Bd7 75. b6 Kd4 76. Nc2+ Kc5 77. Ke4 Kxb6 78. Ke5 Kc7 79. Nd4 Kd8 80. Kf6 Ke8 81. Ne6 Ba4 82. Nd4 Kf8 83. f5 Be8 84. Ne6+ Kg8 85. Ke7 Bh5 86. Nf4 Bd1 87. f6 Bb3 88. Ne6 1-0

[Event "CAN-ch"]
[Site "Toronto CAN"]
[Date "2004.08.28"]
[Round "8.27"]
[White "Bogle, Bill"]
[Black "Starr (Shterenberg), Nava"]
[Result "1-0"]
[WhiteElo "2118"]
[BlackElo "2229"]
[PlyCount "73"]
[GameId "2160767911086278"]
[EventDate "2004.08.20"]
[EventType "swiss"]
[EventRounds "11"]
[EventCountry "CAN"]

1. d4 Nf6 2. Nc3 d5 3. Bg5 Nbd7 4. f3 c6 5. Qd2 Qa5 6. e4 dxe4 7. Nxe4 Qxd2+ 8. Kxd2 h6 9. Bh4 g5 10. Bg3 Bg7 11. c3 O-O 12. Re1 Nh5 13. h4 Ndf6 14. Bc7 g4 15. Bc4 Bf5 16. Nf2 e6 17. Be5 Rfd8 18. fxg4 Nxg4 19. Nxg4 Bxg4 20. Bxg7 Kxg7 21. Nf3 Ng3 22. Rhg1 c5 23. Ne5 Bf5 24. Ke3 f6 25. Nf3 Rac8 26. Bxe6 Bxe6 27. Kf2 Bxa2 28. Kxg3 Bd5 29. dxc5 Rxc5 30. Nd4 Kg6 31. Re7 Rf8 32. h5+ Kxh5 33. Rg7 Bxg2 34. Rxg2 Rg5+ 35. Kf4 Rxg2 36. Rxg2 Rc8 37. Ne6 1-0

[Event "CAN-ch"]
[Site "Toronto CAN"]
[Date "2004.08.28"]
[Round "8.29"]
[White "Henry, Liam"]
[Black "Khaziyeva, Dinara"]
[Result "1/2-1/2"]
[WhiteElo "2145"]
[BlackElo "2098"]
[PlyCount "29"]
[GameId "2160767911086279"]
[EventDate "2004.08.20"]
[EventType "swiss"]
[EventRounds "11"]
[EventCountry "CAN"]

1. e4 e5 2. Nf3 d6 3. d4 Nf6 4. Nc3 Nbd7 5. Bc4 Be7 6. O-O O-O 7. Bg5 c6 8. a4 Qc7 9. Bb3 Re8 10. dxe5 dxe5 11. Qe2 Nc5 12. Nd2 Be6 13. Nc4 b6 14. f4 Nxb3 15. cxb3 1/2-1/2

[Event "CAN-ch"]
[Site "Toronto CAN"]
[Date "2004.08.28"]
[Round "8.30"]
[White "Boik, Andrew"]
[Black "MacDonald, Jonathan"]
[Result "1-0"]
[WhiteElo "2058"]
[BlackElo "2125"]
[PlyCount "79"]
[GameId "2160767911086280"]
[EventDate "2004.08.20"]
[EventType "swiss"]
[EventRounds "11"]
[EventCountry "CAN"]

1. e4 e5 2. Nf3 Nc6 3. Bb5 Nf6 4. O-O Nxe4 5. d4 Nd6 6. Bg5 Be7 7. Bxe7 Qxe7 8. Bxc6 dxc6 9. dxe5 Nf5 10. Qd2 h6 11. Re1 Be6 12. Nc3 O-O 13. Qf4 Rfd8 14. Ne4 Kf8 15. c3 Rd3 16. g4 g5 17. Nfxg5 hxg5 18. Nxg5 Nh4 19. Nh7+ Kg7 20. Nf6 Rh8 21. Red1 Nf3+ 22. Kf1 Rxd1+ 23. Rxd1 Nxe5 24. Qg5+ Ng6 25. Nh5+ Kh7 26. Nf6+ Kg7 27. Nh5+ Rxh5 28. Qxh5 Bc4+ 29. Kg1 Qe2 30. Rb1 Qf3 31. Qf5 Qh3 32. Qh5 Qd3 33. Qf5 Qe2 34. g5 Nh4 35. Qf6+ Kg8 36. Qd8+ Kh7 37. g6+ Nxg6 38. Qg5 Bd5 39. Qh5+ Kg7 40. Qxe2 1-0

[Event "CAN-ch"]
[Site "Toronto CAN"]
[Date "2004.08.28"]
[Round "8.31"]
[White "Lavin, David"]
[Black "Smith, Hazel"]
[Result "1/2-1/2"]
[WhiteElo "2171"]
[BlackElo "2016"]
[PlyCount "51"]
[GameId "2160767911086281"]
[EventDate "2004.08.20"]
[EventType "swiss"]
[EventRounds "11"]
[EventCountry "CAN"]

1. d4 e6 2. c4 Nf6 3. Nc3 Bb4 4. e3 b6 5. Nf3 Bb7 6. Bd3 Be4 7. Be2 O-O 8. Bd2 Bb7 9. O-O d5 10. Qa4 Be7 11. Rfd1 c5 12. cxd5 exd5 13. Ne5 Qc8 14. Rac1 Na6 15. dxc5 bxc5 16. Nb5 Nc7 17. Ba5 Nxb5 18. Bxb5 Qf5 19. Nd7 Nxd7 20. Bxd7 Qg6 21. Qg4 Qh6 22. Bc7 Bd6 23. Bxd6 Qxd6 24. b3 Rad8 25. Bf5 Qe7 26. Rd2 1/2-1/2

[Event "CAN-ch"]
[Site "Toronto CAN"]
[Date "2004.08.28"]
[Round "8.32"]
[White "Belzberg, Sid"]
[Black "Thavandiran, Shiyam"]
[Result "0-1"]
[WhiteElo "2039"]
[BlackElo "2253"]
[PlyCount "56"]
[GameId "2160767911086282"]
[EventDate "2004.08.20"]
[EventType "swiss"]
[EventRounds "11"]
[EventCountry "CAN"]

1. d4 d5 2. c4 Bf5 3. Nc3 e6 4. cxd5 exd5 5. Nf3 c6 6. Bg5 Qb6 7. Qd2 Nd7 8. a3 Ngf6 9. e3 Bd6 10. Bxf6 Nxf6 11. Be2 Ne4 12. Nxe4 dxe4 13. Nh4 Be6 14. g4 O-O 15. Nf5 Rfd8 16. Nxd6 Rxd6 17. Qc3 Rc8 18. b4 Qd8 19. h4 b6 20. O-O-O Qf6 21. Kd2 c5 22. g5 Qd8 23. d5 cxb4 24. Qxb4 Rxd5+ 25. Ke1 Rxd1+ 26. Bxd1 Rc1 27. Qd2 Qc7 28. Kf1 Bg4 0-1

[Event "CAN-ch"]
[Site "Toronto CAN"]
[Date "2004.08.28"]
[Round "8.33"]
[White "Goutor, Valentina"]
[Black "Aspler, Gerald"]
[Result "1-0"]
[WhiteElo "2065"]
[BlackElo "2138"]
[PlyCount "71"]
[GameId "2160767911086283"]
[EventDate "2004.08.20"]
[EventType "swiss"]
[EventRounds "11"]
[EventCountry "CAN"]

1. e4 c5 2. Nf3 d6 3. Bb5+ Bd7 4. Bxd7+ Nxd7 5. O-O g6 6. c3 Bg7 7. d4 cxd4 8. cxd4 e6 9. Bg5 Qb6 10. Qd2 h6 11. Be3 Ne7 12. Nc3 Qa6 13. a4 Nb6 14. Nb5 O-O 15. Nc7 Nc4 16. Qe2 Qa5 17. Nxa8 Nxe3 18. Qxe3 Rxa8 19. Qa3 Rd8 20. b4 Qh5 21. b5 Bf8 22. Rac1 d5 23. e5 Nc8 24. Qc3 Nb6 25. Qc7 Rd7 26. Qb8 Nc4 27. Qxa7 g5 28. Qa8 g4 29. Ne1 Qg5 30. Nd3 Kg7 31. a5 Nd2 32. Rc8 Nf3+ 33. Kh1 Qh5 34. gxf3 Qh3 35. Kg1 Kg6 36. Nf4+ 1-0

[Event "CAN-ch"]
[Site "Toronto CAN"]
[Date "2004.08.28"]
[Round "8.34"]
[White "Ng, Gary"]
[Black "Cleto, Sam"]
[Result "1-0"]
[WhiteElo "2180"]
[BlackElo "1928"]
[PlyCount "51"]
[GameId "2160767911086284"]
[EventDate "2004.08.20"]
[EventType "swiss"]
[EventRounds "11"]
[EventCountry "CAN"]

1. b3 e5 2. Bb2 Nc6 3. e3 d5 4. Bb5 Bd6 5. Nf3 Bg4 6. h3 Bxf3 7. Qxf3 Nf6 8. c4 O-O 9. cxd5 Nb4 10. Na3 Nbxd5 11. Nc4 a6 12. Nxd6 cxd6 13. Bd3 Qa5 14. Qe2 Rfe8 15. O-O b5 16. Rfc1 Rac8 17. a3 Qb6 18. Qd1 Nc7 19. b4 d5 20. Qb3 Qd6 21. a4 Ne4 22. Rc2 bxa4 23. Qxa4 Qf6 24. Bxe4 Nb5 25. Rxc8 Rxc8 26. Bxd5 1-0

[Event "CAN-ch"]
[Site "Toronto CAN"]
[Date "2004.08.29"]
[Round "9"]
[White "Djerkovic, Miladin"]
[Black "Tessier, Olivier"]
[Result "1-0"]
[WhiteElo "2210"]
[BlackElo "2141"]
[PlyCount "62"]
[GameId "2160767911086286"]
[EventDate "2004.08.20"]
[EventType "swiss"]
[EventRounds "11"]
[EventCountry "CAN"]
[SourceTitle "CBM 101 Extra"]
[Source "ChessBase"]
[SourceDate "2004.09.01"]
[SourceVersion "2"]
[SourceVersionDate "2004.09.01"]
[SourceQuality "1"]

1. e4 c5 2. Nc3 Nc6 3. Nf3 Nf6 4. Bb5 Nd4 5. e5 Nxb5 6. Nxb5 Nd5 7. Ng5 f5 8. O-O a6 9. c4 Nb4 10. Nc3 e6 11. d3 Be7 12. Nf3 Nc6 13. Re1 d6 14. Bf4 O-O 15. exd6 Bxd6 16. Bxd6 Qxd6 17. Qe2 Re8 18. Ne5 Bd7 19. Rad1 Rad8 20. Nxc6 Bxc6 21. Qe5 Kf7 22. Qe3 e5 23. Qh3 Qg6 24. Ne2 f4 25. Nc3 f3 26. Ne4 Bxe4 27. dxe4 fxg2 28. Rd5 Qb6 29. Qxh7 Rxd5 30. cxd5 Qxb2 31. Re3 Rf8 1-0

[Event "CAN-ch"]
[Site "Toronto CAN"]
[Date "2004.08.29"]
[Round "9"]
[White "Feoktistov, Dmitri"]
[Black "Yoos, John"]
[Result "1/2-1/2"]
[WhiteElo "2146"]
[BlackElo "2405"]
[PlyCount "104"]
[GameId "2160767911086287"]
[EventDate "2004.08.20"]
[EventType "swiss"]
[EventRounds "11"]
[EventCountry "CAN"]
[SourceTitle "CBM 101 Extra"]
[Source "ChessBase"]
[SourceDate "2004.09.01"]
[SourceVersion "2"]
[SourceVersionDate "2004.09.01"]
[SourceQuality "1"]

1. e4 d6 2. d4 Nf6 3. f3 g6 4. c4 Bg7 5. Nc3 O-O 6. Be3 a6 7. Nge2 Nc6 8. Qd2 Rb8 9. g4 b5 10. h4 Bd7 11. h5 e5 12. hxg6 fxg6 13. Bh6 Bxh6 14. Rxh6 exd4 15. Nxd4 Ne5 16. Be2 c6 17. cxb5 axb5 18. Nd1 c5 19. Nc2 Be6 20. Nde3 Qc7 21. Rh4 Nf7 22. Nd5 Bxd5 23. exd5 Qe7 24. g5 Nh5 25. f4 Rbe8 26. Kd1 Qe4 27. Bxb5 Nxg5 28. Rxh5 gxh5 29. Bxe8 Rxe8 30. fxg5 Qf3+ 31. Kc1 Re2 32. Qd1 Qf4+ 33. Kb1 Rf2 34. a4 Rf1 35. Ne1 Qe4+ 36. Ka2 h4 37. a5 h3 38. a6 Qc4+ 39. Kb1 Qe4+ 40. Ka2 Qc4+ 41. Kb1 h2 42. a7 h1=Q 43. a8=Q+ Rf8 44. Qaa4 Qhe4+ 45. Qac2 Rf1 46. Qxe4 Qxe4+ 47. Ka2 Rf7 48. Nc2 Qc4+ 49. Kb1 Rf1 50. Ne1 Qe4+ 51. Ka2 Qc4+ 52. Kb1 Qe4+ 1/2-1/2

[Event "CAN-ch"]
[Site "Toronto CAN"]
[Date "2004.08.29"]
[Round "9"]
[White "Huber, Gregory"]
[Black "Wang, David"]
[Result "1-0"]
[WhiteElo "2219"]
[BlackElo "2110"]
[PlyCount "41"]
[GameId "2160767911086288"]
[EventDate "2004.08.20"]
[EventType "swiss"]
[EventRounds "11"]
[EventCountry "CAN"]
[SourceTitle "CBM 101 Extra"]
[Source "ChessBase"]
[SourceDate "2004.09.01"]
[SourceVersion "2"]
[SourceVersionDate "2004.09.01"]
[SourceQuality "1"]

1. e4 e5 2. Nc3 Nf6 3. g3 d5 4. exd5 Nxd5 5. Bg2 Nxc3 6. bxc3 Bc5 7. Nf3 e4 8. Nd4 O-O 9. O-O f5 10. d3 Qf6 11. dxe4 fxe4 12. Bxe4 Nd7 13. Ne6 Bxf2+ 14. Kg2 Rf7 15. Ng5 Ne5 16. Nxf7 Bg4 17. Qd5 Rf8 18. Rxf2 Bh3+ 19. Kg1 Qxf2+ 20. Kxf2 Rxf7+ 21. Qxf7+ 1-0

[Event "CAN-ch"]
[Site "Toronto CAN"]
[Date "2004.08.29"]
[Round "9"]
[White "Khaziyeva, Dinara"]
[Black "Peng, David Yu"]
[Result "0-1"]
[WhiteElo "2125"]
[BlackElo "2038"]
[PlyCount "64"]
[GameId "2160767911086289"]
[EventDate "2004.08.20"]
[EventType "swiss"]
[EventRounds "11"]
[EventCountry "CAN"]
[SourceTitle "CBM 101 Extra"]
[Source "ChessBase"]
[SourceDate "2004.09.01"]
[SourceVersion "2"]
[SourceVersionDate "2004.09.01"]
[SourceQuality "1"]

1. Nf3 e6 2. c4 d5 3. d4 f5 4. Bg5 Nf6 5. Bxf6 Qxf6 6. e3 c6 7. Qc2 Bd6 8. Nc3 O-O 9. a3 a5 10. Rb1 Na6 11. c5 Bc7 12. b4 axb4 13. axb4 Bd7 14. Bd3 Be8 15. Ne2 Bh5 16. Nd2 Bxe2 17. Kxe2 e5 18. dxe5 Bxe5 19. Nf3 Nc7 20. Rhd1 g6 21. b5 Ne6 22. Rdc1 f4 23. bxc6 bxc6 24. Rb6 fxe3 25. fxe3 Ng5 26. Rf1 Nxf3 27. gxf3 Qe6 28. Rf2 Bd4 29. e4 Bxf2 30. Kxf2 Qh3 31. Qe2 Qxh2+ 32. Ke3 Qg1+ 0-1

[Event "CAN-ch"]
[Site "Toronto CAN"]
[Date "2004.08.29"]
[Round "9"]
[White "Krnan, Tomas"]
[Black "Day, Lawrence"]
[Result "1-0"]
[WhiteElo "2331"]
[BlackElo "2266"]
[PlyCount "85"]
[GameId "2160767911086290"]
[EventDate "2004.08.20"]
[EventType "swiss"]
[EventRounds "11"]
[EventCountry "CAN"]
[SourceTitle "CBM 101 Extra"]
[Source "ChessBase"]
[SourceDate "2004.09.01"]
[SourceVersion "2"]
[SourceVersionDate "2004.09.01"]
[SourceQuality "1"]

1. e4 g6 2. d4 Bg7 3. Nc3 d6 4. f4 e6 5. Nf3 Ne7 6. Bd3 b6 7. O-O O-O 8. Be3 Nd7 9. Qe1 c5 10. f5 exf5 11. exf5 Nf6 12. fxg6 fxg6 13. dxc5 bxc5 14. Bc4+ d5 15. Bxc5 Re8 16. Bb5 Bd7 17. Bxd7 Qxd7 18. Qd2 Nf5 19. Rae1 Rec8 20. Bf2 Rd8 21. Nh4 Nd6 22. Nxd5 Nfe4 23. Qd3 Bxb2 24. Bd4 Bxd4+ 25. Qxd4 Rac8 26. Nf6+ Nxf6 27. Rxf6 Nf7 28. Qf2 Rc7 29. Rfe6 Qa4 30. Qg3 Qxc2 31. Nxg6 hxg6 32. Rxg6+ Kh7 33. Rg7+ Kh8 34. Rg4 Rc6 35. Rh4+ Nh6 36. Qe5+ Kh7 37. Qe7+ Kg6 38. Re6+ Rxe6 39. Qxe6+ Kg7 40. Qxh6+ Kf7 41. Rf4+ Ke7 42. Qf6+ Kd7 43. Rd4+ 1-0

[Event "CAN-ch"]
[Site "Toronto CAN"]
[Date "2004.08.29"]
[Round "9"]
[White "Sasata, Robert"]
[Black "Dougherty, Michael"]
[Result "0-1"]
[WhiteElo "2242"]
[BlackElo "2229"]
[PlyCount "68"]
[GameId "2160767911086292"]
[EventDate "2004.08.20"]
[EventType "swiss"]
[EventRounds "11"]
[EventCountry "CAN"]
[SourceTitle "CBM 101 Extra"]
[Source "ChessBase"]
[SourceDate "2004.09.01"]
[SourceVersion "2"]
[SourceVersionDate "2004.09.01"]
[SourceQuality "1"]

1. d4 g6 2. c4 Bg7 3. e4 d6 4. Nc3 e5 5. dxe5 dxe5 6. Qxd8+ Kxd8 7. f4 Be6 8. Nf3 Nd7 9. fxe5 c6 10. Bf4 h6 11. O-O-O g5 12. Bg3 Ne7 13. h4 Kc7 14. Be2 Ng6 15. Kc2 g4 16. Nd4 h5 17. Rhf1 Bxe5 18. Nxe6+ fxe6 19. Rf7 Rad8 20. Bxe5+ Ngxe5 21. Re7 Rde8 22. Rg7 Ref8 23. Rg1 Rf2 24. Kd2 Kd6 25. Ke3 Rf7 26. Rg5 Ke7 27. Bd3 b6 28. Ne2 Rh6 29. Ng3 Rfh7 30. Rg8 Nf8 31. Rf1 Nfg6 32. Ra8 Kd6 33. Rf6 Nxd3 34. Kxd3 Ne5+ 0-1

[Event "CAN-ch"]
[Site "Toronto CAN"]
[Date "2004.08.29"]
[Round "9.1"]
[White "Lawson, Eric"]
[Black "Spraggett, Kevin"]
[Result "1-0"]
[WhiteElo "2336"]
[BlackElo "2630"]
[PlyCount "121"]
[GameId "2160767911086293"]
[EventDate "2004.08.20"]
[EventType "swiss"]
[EventRounds "11"]
[EventCountry "CAN"]

1. e4 c5 2. Nf3 e6 3. d4 cxd4 4. Nxd4 a6 5. Bd3 Nf6 6. O-O d6 7. c4 Nbd7 8. Nc3 Qc7 9. Qe2 Be7 10. f4 O-O 11. Kh1 Re8 12. Bd2 b6 13. Rae1 Bb7 14. Bb1 g6 15. e5 Nh5 16. Nf3 Rad8 17. g4 Ng7 18. Be4 f5 19. exf6 Nxf6 20. Bxb7 Qxb7 21. Qg2 Rc8 22. b3 Bf8 23. h3 b5 24. cxb5 axb5 25. Ng5 d5 26. Rc1 Ba3 27. Rce1 Bf8 28. Re2 b4 29. Nd1 Rc2 30. Be1 Rxe2 31. Qxe2 h6 32. Nf3 Ne4 33. Kg2 Bd6 34. Ne5 g5 35. fxg5 Bxe5 36. gxh6 Nh5 37. gxh5 Kh7 38. Nf2 Rg8+ 39. Ng4 Bd6 40. Bh4 Be5 41. Kh1 d4 42. Rf7+ Qxf7 43. Qxe4+ Qf5 44. Qxf5+ exf5 45. Nxe5 Re8 46. Nf3 d3 47. Bg5 f4 48. Kg1 Re1+ 49. Kf2 Re2+ 50. Kf1 Re3 51. Nd2 Rxh3 52. Bxf4 Rxh5 53. Kf2 Ra5 54. Ke3 Rxa2 55. Kxd3 Ra7 56. Nf3 Kg6 57. Kc4 Kf5 58. Be5 Kg6 59. Bg7 Rb7 60. Ne5+ Kh7 61. Nd3 1-0